La ciudad secreta / (Registro nro. 12281)
[ vista simple ]
| 000 -LEADER | |
|---|---|
| fixed length control field | 00902nam a22002897a 4500 |
| 001 - CONTROL NUMBER | |
| control field | 002145096 |
| 003 - CONTROL NUMBER IDENTIFIER | |
| control field | DO-SdBNP |
| 005 - DATE AND TIME OF LATEST TRANSACTION | |
| control field | 20180215083223.0 |
| 007 - PHYSICAL DESCRIPTION FIXED FIELD--GENERAL INFORMATION | |
| fixed length control field | 002145096 |
| 008 - FIXED-LENGTH DATA ELEMENTS--GENERAL INFORMATION | |
| fixed length control field | 161205b 2009 sp a ||||| |||| 00| 0 spa d |
| 020 ## - INTERNATIONAL STANDARD BOOK NUMBER | |
| Terms of availability | 9788408078111 |
| 020 ## - INTERNATIONAL STANDARD BOOK NUMBER | |
| International Standard Book Number | 9788408085584 |
| 040 ## - CATALOGING SOURCE | |
| Original cataloging agency | BPMSU |
| Language of cataloging | spa |
| Transcribing agency | BPMSU |
| 100 1# - MAIN ENTRY--PERSONAL NAME | |
| Personal name | Stilton, Tea |
| 240 1# - UNIFORM TITLE | |
| Uniform title | <a href="La città segreta. ">La città segreta. </a> |
| Language of a work | Español |
| 245 10 - TITLE STATEMENT | |
| Title | La ciudad secreta / |
| Statement of responsibility, etc. | Tea Stilton ; ilustraciones de Alessandro Battan ...[et al.] ; traducción, Helena Aguilà. |
| 260 ## - PUBLICATION, DISTRIBUTION, ETC. (IMPRINT) | |
| Place of publication, distribution, etc. | Barcelona : |
| Name of publisher, distributor, etc. | Destino, |
| Date of publication, distribution, etc. | 2009. |
| 300 ## - PHYSICAL DESCRIPTION | |
| Extent | 178, [33] p. : |
| Other physical details | il. ; |
| Dimensions | 22 cm. |
| 490 1# - SERIES STATEMENT | |
| Series statement | Club de Tea |
| Volume/sequential designation | 3 |
| 500 ## - GENERAL NOTE | |
| General note | Traducción de: La città segreta |
| 500 ## - GENERAL NOTE | |
| General note | "Destino" |
| 700 12 - ADDED ENTRY--PERSONAL NAME | |
| Personal name | Battan, Alessandro, |
| Dates associated with a name | 1974- |
| Relator term | il. |
| 830 #0 - SERIES ADDED ENTRY--UNIFORM TITLE | |
| Uniform title | Club de Tea |
| Volume number/sequential designation | 3 |
| 942 ## - ADDED ENTRY ELEMENTS (KOHA) | |
| Source of classification or shelving scheme | Dewey Decimal Classification |
| Koha item type | Libros |
| 945 ## - LOCAL PROCESSING INFORMATION (OCLC) | |
| a | Inventariado, 2018 /LP |
| 956 ## - LOCAL ELECTRONIC LOCATION AND ACCESS (OCLC) | |
| Host name | LOPEREZ |
| Access number | 10 |
| Compression information | 20161205 |
| Processor of request | BPMSU |
| Withdrawn status | Lost status | Source of classification or shelving scheme | Damaged status | Not for loan | Collection code | Home library | Current library | Date acquired | Source of acquisition | Total Checkouts | Barcode | Date last seen | Price effective from | Koha item type |
|---|---|---|---|---|---|---|---|---|---|---|---|---|---|---|
| Dewey Decimal Classification | Colección Infantil General | Biblioteca Pública Metropolitana Salomé Ureña | Biblioteca Pública Metropolitana Salomé Ureña | 12/05/2016 | FUNDI | BPMSU16120126 | 12/05/2016 | 12/05/2016 | Libros |